000
00253nam a2200121Ia 4500
100
_a
Wattam/ S.I.
942
_c
BK
654
_a
Software
245
_a
Software Enginering
260
_b
Galgotia Pub
_a
New Delhi
_c
1993
546
_a
ENGLISH
999
_c
24972
_d
24972